La banca central en Colombia : (Registro nro. 12056)
[ vista simple ]
| 000 -LEADER | |
|---|---|
| fixed length control field | 01243nam a2200241Ia 4500 |
| 003 - CONTROL NUMBER IDENTIFIER | |
| control field | OSt |
| 005 - DATE AND TIME OF LATEST TRANSACTION | |
| control field | 20210730110440.0 |
| 008 - FIXED-LENGTH DATA ELEMENTS--GENERAL INFORMATION | |
| fixed length control field | 130821s1994 ck gr spa |
| 020 ## - INTERNATIONAL STANDARD BOOK NUMBER | |
| International Standard Book Number | 9586640094 |
| 040 ## - CATALOGING SOURCE | |
| Original cataloging agency | Co-BoUCM |
| Language of cataloging | spa |
| Transcribing agency | CO-JMCR |
| 041 0# - LANGUAGE CODE | |
| Language code of text/sound track or separate title | spa |
| 082 04 - DEWEY DECIMAL CLASSIFICATION NUMBER | |
| Classification number | 332.11 / |
| Item number | B213b |
| Edition number | 23 |
| 110 2# - MAIN ENTRY--CORPORATE NAME | |
| Corporate name or jurisdiction name as entry element | Banco de la República |
| 9 (RLIN) | 14538 |
| 245 13 - TITLE STATEMENT | |
| Title | La banca central en Colombia : |
| Remainder of title | normas básicas / |
| Statement of responsibility, etc. | Banco de la República. |
| 260 ## - PUBLICATION, DISTRIBUTION, ETC. | |
| Place of publication, distribution, etc. | Bogotá : |
| Name of publisher, distributor, etc. | Banco de la República, |
| Date of publication, distribution, etc. | 1994. |
| 300 ## - PHYSICAL DESCRIPTION | |
| Extent | 378 páginas ; |
| Dimensions | 24 cm. |
| 490 0# - SERIES STATEMENT | |
| Series statement | Colección Bibliográfica Banco de la República. |
| -- | Historia y Teoría Económica |
| 505 0# - FORMATTED CONTENTS NOTE | |
| Formatted contents note | Constitución política de Colombia. -- Ley 31 de 1992. -- Decreto 1855 de 1991. -- Decreto 246 de 1993. -- Decreto 234 de 1993. -- Decreto 239 de 1993. -- Decreto 193 de 1993. -- Decreto 2520 de 1993 estatutos del Banco de la República. -- Ley 9 de 1991. -- ley 34 de 1993. -- Ley 35 de 1993. -- Decreto 663 de 1993. -- Decreto 653 de 1993. -- Ley 100 e3 1993. -- ley 101 de 1993. -- Ley 42 de 1993. -- Ley 130 de 1994. |
| 650 14 - SUBJECT ADDED ENTRY--TOPICAL TERM | |
| Topical term or geographic name entry element | Bancos centrales |
| General subdivision | Aspectos constitucionales |
| Geographic subdivision | Colombia |
| 9 (RLIN) | 9921 |
| 650 24 - SUBJECT ADDED ENTRY--TOPICAL TERM | |
| Topical term or geographic name entry element | Bancos centrales |
| General subdivision | Legislacin̤ |
| Geographic subdivision | Colombia |
| 9 (RLIN) | 9921 |
| 650 24 - SUBJECT ADDED ENTRY--TOPICAL TERM | |
| Topical term or geographic name entry element | Finanzas |
| 9 (RLIN) | 7628 |
| 942 ## - ADDED ENTRY ELEMENTS (KOHA) | |
| Koha item type | Books |
| Source of classification or shelving scheme | Dewey Decimal Classification |
| Withdrawn status | Lost status | Source of classification or shelving scheme | Damaged status | Not for loan | Home library | Current library | Shelving location | Date acquired | Source of acquisition | Full call number | Barcode | Date last seen | Copy number | Price effective from | Koha item type |
|---|---|---|---|---|---|---|---|---|---|---|---|---|---|---|---|
| Dewey Decimal Classification | Biblioteca Pública José María del Castillo y Rada | Biblioteca Pública José María del Castillo y Rada | General Stacks | 04/15/2018 | Donación | 332.11 / B213b | 430002351 | 05/16/2024 | Ej.1 | 03/10/2021 | Books |